| 000 | 00522nam a2200205Ia 4500 | ||
|---|---|---|---|
| 008 | 170918s9999 xx 000 0 und d | ||
| 020 | _a590290142 | ||
| 050 | _bK655 1998 | ||
| 100 | _aKline, Suzy | ||
| 245 | _aHorrible Harry moves up to third grade / | ||
| 245 | _cSuzy Kline ; pictures by Frank Remkiewicz. | ||
| 260 | _aNew York : | ||
| 260 | _bScholastic, | ||
| 260 | _c1998 | ||
| 300 | _a58 pages : | ||
| 300 | _bcolored illustration ; | ||
| 300 | _c20cm. | ||
| 440 | _aHorrible Harry. | ||
| 500 | _a460 | ||
| 999 |
_c341497 _d341497 |
||